000 00485nam a2200181 a 4500
001 5249
003 CO-ViMGA
008 141112s2004 ck r 000 u spa d
040 _aCO-ViMGA
_bspa
_cCO-ViMGA
082 0 4 _a923.1 E281z
100 1 _aZiegler, Philip
_93551
245 1 0 _aEduardo VIII
260 _aBuenos Aires :
_bJavier Vergara,
_c1995
300 _a521 p
490 _aBiografĂ­a e historia
650 1 4 _aEDUARDO VIII DUQUE DE WINDSOR 1894 - 1972
_93552
942 _2ddc
_cBK
999 _c17246
_d17246